| 000 | 01352 a2200229 4500 | ||
|---|---|---|---|
| 001 | 42315 | ||
| 005 | 20260407155713.0 | ||
| 008 | 260407a2016 arg spa d | ||
| 003 | AR-UNSa-BCEJYS | ||
| 040 |
_aAR-UNSa-BCEJYS _bspa _cAR-UNSa-BCEJYS |
||
| 080 |
_a336.226.111 _xImpuestos sobre ingresos totales (Ingresos brutos - Convenio Multilateral) |
||
| 245 | 1 | 0 |
_aImpuesto sobre los ingresos brutos _pun enfoque integral |
| 020 | _a978-987-01-1915-9 | ||
| 264 | 1 |
_aBuenos Aires : _bErrepar _c2016 |
|
| 300 |
_axx, 401 p. _c21 cm. |
||
| 505 | _a1. Cuestiones introductorias - 2. Hecho imponible - 3. Contribuyentes y demás responsables - 4. Reconocimiento de ingresos y su atribución al período fiscal - 5. Base imponible - 6. Exclusiones de la base imponible - 7. Deducciones de la base imponible - 8. Exenciones - 9. Comercio exterior y transporte internacional - 10. La imposición de la producción primaria y de la actividad industrial y su ejercicio en más de una jurisdicción - 11. Determinación, liquidación y pago - 12. Aplicación de la Ley Penal Tributaria por ajustes en el impuesto sobre los ingresos brutos | ||
| 041 | _aspa | ||
| 942 | _cBK | ||
| 590 | _aniveau_biblio:m niveau_hierar:0 | ||
| 100 | 1 | _aCaranta, Martín R. | |
| 856 | 4 | 1 |
_uhttps://biblioeco.unsa.edu.ar/pmb/images/libros/L126530.jpg _yImagen de portada _qimage/jpeg |
| 999 |
_c3598 _d3598 |
||